Business Correspondence and Report Writing (Record no. 8054)
[ view plain ]
| 000 -LEADER | |
|---|---|
| fixed length control field | 00321nam a2200133Ia 4500 |
| 008 - FIXED-LENGTH DATA ELEMENTS--GENERAL INFORMATION | |
| fixed length control field | 191201s2010 xx 000 0 und d |
| 082 ## - DEWEY DECIMAL CLASSIFICATION NUMBER | |
| Classification number | 651.45 |
| Item number | SHB |
| 100 ## - MAIN ENTRY--PERSONAL NAME | |
| Personal name | SHARMA, RC |
| 245 #0 - TITLE STATEMENT | |
| Title | Business Correspondence and Report Writing |
| 250 ## - EDITION STATEMENT | |
| Edition statement | Rep |
| 260 ## - PUBLICATION, DISTRIBUTION, ETC. (IMPRINT) | |
| Date of publication, distribution, etc | 2010 |
| Name of publisher, distributor, etc | TMH |
| Place of publication, distribution, etc | NEW DELHI |
| 300 ## - PHYSICAL DESCRIPTION | |
| Extent | 514 |
| 942 ## - ADDED ENTRY ELEMENTS (KOHA) | |
| Source of classification or shelving scheme | Dewey Decimal Classification |
| Koha item type | Text Books |
| Withdrawn status | Lost status | Source of classification or shelving scheme | Damaged status | Not for loan | Collection code | Home library | Current library | Date acquired | Source of acquisition | Cost, normal purchase price | Bill Number | Total Checkouts | Full call number | Acc. no. / Barcode | Date last seen | Bill Date | Koha item type |
|---|---|---|---|---|---|---|---|---|---|---|---|---|---|---|---|---|---|
| Dewey Decimal Classification | Diploma in Mechanical | PIET C-LIBRARY | PIET C-LIBRARY | 07/07/2012 | IBH, New Delhi | 375.00 | 5187 | 651.45 SHB | DE255 | 04/12/2019 | 07/07/2012 | Text Books | |||||
| Dewey Decimal Classification | Diploma in Mechanical | PIET C-LIBRARY | PIET C-LIBRARY | 07/07/2012 | IBH, New Delhi | 375.00 | 5187 | 651.45 SHB | DE256 | 04/12/2019 | 07/07/2012 | Text Books | |||||
| Dewey Decimal Classification | Diploma in Mechanical | PIET C-LIBRARY | PIET C-LIBRARY | 07/07/2012 | IBH, New Delhi | 375.00 | 5187 | 651.45 SHB | DE257 | 04/12/2019 | 07/07/2012 | Text Books | |||||
| Dewey Decimal Classification | Diploma in Mechanical | PIET C-LIBRARY | PIET C-LIBRARY | 07/07/2012 | IBH, New Delhi | 375.00 | 5187 | 651.45 SHB | DE258 | 04/12/2019 | 07/07/2012 | Text Books | |||||
| Dewey Decimal Classification | Diploma in Mechanical | PIET C-LIBRARY | PIET C-LIBRARY | 07/07/2012 | IBH, New Delhi | 375.00 | 5187 | 651.45 SHB | DE259 | 04/12/2019 | 07/07/2012 | Text Books | |||||
| Dewey Decimal Classification | Diploma in Mechanical | PIET C-LIBRARY | PIET C-LIBRARY | 07/07/2012 | IBH, New Delhi | 375.00 | 5187 | 651.45 SHB | DE260 | 04/12/2019 | 07/07/2012 | Text Books |